<?xml version="1.0" encoding="UTF-8"?>
<record
    xmlns:xsi="http://www.w3.org/2001/XMLSchema-instance"
    xsi:schemaLocation="http://www.loc.gov/MARC21/slim http://www.loc.gov/standards/marcxml/schema/MARC21slim.xsd"
    xmlns="http://www.loc.gov/MARC21/slim">

  <leader>00746nam a2200229Ia 4500</leader>
  <controlfield tag="005">20241024095219.0</controlfield>
  <controlfield tag="008">210716s2011    xx            000 0 und d</controlfield>
  <datafield tag="020" ind1=" " ind2=" ">
    <subfield code="a">9788131761762</subfield>
  </datafield>
  <datafield tag="040" ind1=" " ind2=" ">
    <subfield code="c">AIMIT LIBRARY</subfield>
  </datafield>
  <datafield tag="041" ind1=" " ind2=" ">
    <subfield code="a">eng</subfield>
  </datafield>
  <datafield tag="082" ind1=" " ind2=" ">
    <subfield code="a">005.1332 </subfield>
    <subfield code="2">1</subfield>
    <subfield code="b">SMEB</subfield>
  </datafield>
  <datafield tag="100" ind1=" " ind2=" ">
    <subfield code="a">Smet, Bart De.</subfield>
    <subfield code="9">183083</subfield>
  </datafield>
  <datafield tag="245" ind1=" " ind2=" ">
    <subfield code="a">C# 4.0: </subfield>
    <subfield code="b">unleashed /</subfield>
    <subfield code="c">By Bart De Smet.</subfield>
  </datafield>
  <datafield tag="250" ind1=" " ind2=" ">
    <subfield code="a">1st ed.</subfield>
  </datafield>
  <datafield tag="260" ind1=" " ind2=" ">
    <subfield code="a">New Delhi :</subfield>
    <subfield code="b">Pearson ;</subfield>
    <subfield code="c">2011.</subfield>
  </datafield>
  <datafield tag="300" ind1=" " ind2=" ">
    <subfield code="a">xxv,1605p. ;</subfield>
    <subfield code="b">PB</subfield>
    <subfield code="c">23 cm.</subfield>
  </datafield>
  <datafield tag="650" ind1=" " ind2=" ">
    <subfield code="a">Introducing the c# programming language</subfield>
    <subfield code="9">183084</subfield>
  </datafield>
  <datafield tag="650" ind1=" " ind2=" ">
    <subfield code="a">Basics of exceptions and resource management</subfield>
    <subfield code="9">183085</subfield>
  </datafield>
  <datafield tag="650" ind1=" " ind2=" ">
    <subfield code="a">Operator overloading and conversions</subfield>
    <subfield code="9">183086</subfield>
  </datafield>
  <datafield tag="650" ind1=" " ind2=" ">
    <subfield code="a">Dynamic programming</subfield>
    <subfield code="9">183087</subfield>
  </datafield>
  <datafield tag="942" ind1=" " ind2=" ">
    <subfield code="2">ddc</subfield>
    <subfield code="c">BK</subfield>
    <subfield code="e">1st ed.</subfield>
    <subfield code="k">005.1332 SMEB</subfield>
  </datafield>
  <datafield tag="999" ind1=" " ind2=" ">
    <subfield code="c">191560</subfield>
    <subfield code="d">191560</subfield>
  </datafield>
  <datafield tag="952" ind1=" " ind2=" ">
    <subfield code="0">0</subfield>
    <subfield code="1">0</subfield>
    <subfield code="2">ddc</subfield>
    <subfield code="4">0</subfield>
    <subfield code="7">0</subfield>
    <subfield code="8">MCA</subfield>
    <subfield code="a">AIMIT</subfield>
    <subfield code="b">AIMIT</subfield>
    <subfield code="e">Higginbothams Pvt Ltd</subfield>
    <subfield code="g">750.00</subfield>
    <subfield code="i">Bill no:1543; Bill dt:2011-08-18</subfield>
    <subfield code="l">0</subfield>
    <subfield code="o">005.1332 SMEB</subfield>
    <subfield code="p">MCA11029</subfield>
    <subfield code="r">2025-07-21 00:00:00</subfield>
    <subfield code="v">562.50</subfield>
    <subfield code="w">2021-07-16</subfield>
    <subfield code="y">BK</subfield>
  </datafield>
  <datafield tag="952" ind1=" " ind2=" ">
    <subfield code="0">0</subfield>
    <subfield code="1">0</subfield>
    <subfield code="2">ddc</subfield>
    <subfield code="4">0</subfield>
    <subfield code="7">0</subfield>
    <subfield code="8">MCA</subfield>
    <subfield code="a">AIMIT</subfield>
    <subfield code="b">AIMIT</subfield>
    <subfield code="e">Higginbothams Pvt Ltd</subfield>
    <subfield code="g">750.00</subfield>
    <subfield code="i">Bill no:1543; Bill dt:2011-08-18</subfield>
    <subfield code="l">0</subfield>
    <subfield code="o">005.1332 SMEB</subfield>
    <subfield code="p">MCA11068</subfield>
    <subfield code="r">2025-07-21 00:00:00</subfield>
    <subfield code="v">562.50</subfield>
    <subfield code="w">2021-07-16</subfield>
    <subfield code="y">BK</subfield>
  </datafield>
  <datafield tag="952" ind1=" " ind2=" ">
    <subfield code="0">0</subfield>
    <subfield code="1">0</subfield>
    <subfield code="2">ddc</subfield>
    <subfield code="4">0</subfield>
    <subfield code="7">0</subfield>
    <subfield code="8">MCA</subfield>
    <subfield code="a">AIMIT</subfield>
    <subfield code="b">AIMIT</subfield>
    <subfield code="e">Higginbothams Pvt Ltd</subfield>
    <subfield code="g">750.00</subfield>
    <subfield code="i">Bill no:2138; Bill dt:2012-03-30</subfield>
    <subfield code="l">0</subfield>
    <subfield code="o">005.1332 SMEB</subfield>
    <subfield code="p">MCA11824</subfield>
    <subfield code="r">2025-07-21 00:00:00</subfield>
    <subfield code="v">562.50</subfield>
    <subfield code="w">2021-07-16</subfield>
    <subfield code="y">BK</subfield>
  </datafield>
  <datafield tag="952" ind1=" " ind2=" ">
    <subfield code="0">0</subfield>
    <subfield code="1">0</subfield>
    <subfield code="2">ddc</subfield>
    <subfield code="4">0</subfield>
    <subfield code="7">0</subfield>
    <subfield code="8">MCA</subfield>
    <subfield code="a">AIMIT</subfield>
    <subfield code="b">AIMIT</subfield>
    <subfield code="e">Higginbothams Pvt Ltd</subfield>
    <subfield code="g">750.00</subfield>
    <subfield code="i">Bill no:2138; Bill dt:2012-03-30</subfield>
    <subfield code="l">0</subfield>
    <subfield code="o">005.1332 SMEB</subfield>
    <subfield code="p">MCA11825</subfield>
    <subfield code="r">2025-07-21 00:00:00</subfield>
    <subfield code="v">562.50</subfield>
    <subfield code="w">2021-07-16</subfield>
    <subfield code="y">BK</subfield>
  </datafield>
</record>
